"Jeopardy!" "Stupid Answers" Category Clues #8 - Statistics

General Stats
  • This quiz has been taken 160 times
  • The average score is 13 of 25
Answer Stats
Hint Answer % Correct
Completes the title of a guide Heidi Murkoff co-wrote for expectant mothers What To Expect When You're... Expecting
89%
In 2001 this fruit became the official blue berry of North Carolina blueberry
85%
A cation is a positively charged one of these; an anion is a negatively charged one ion
79%
Oddly this piece of furniture was never built for the throne room at Neuschwanstein Castle throne
78%
Endocrinology deals with the function & secretion of these glands endocrine glands
75%
This large Swiss city is on the western end of Lake Geneva Geneva
68%
The very farthest west you can drive in the Florida Keys is to this island Key West
68%
Surely you know this was the first name of author Evelyn Waugh's first wife Evelyn
63%
In 2004 publisher David Carey announced that more Californians than New Yorkers subscribed to this magazine The New Yorker
60%
This Las Vegas hotel ceased to be a landmark when it was demolished on November 7 1995 Landmark
60%
Beer lovers rejoiced when he invented Pasteurization in 1864 Louis Pasteur
57%
Traditionally use 2 oz. gin 5 oz. tonic water & 1 lime wedge to make this drink gin and tonic
55%
This American cyclist criticized Lance Armstrong in the July 15 2004 issue of the French newspaper Le Monde Greg Lemond
54%
The flag of the Organization of American States has 35 different ones of these on it flags
51%
One side of Willemstad Curacao is called Punda & the other side is Otrabanda which means this "other side"
50%
The great-grandson of a slave he was the first black mayor of Washington D.C. Walter E. Washington
50%
Henry Adams grandson of John Quincy Adams wrote the nonfiction classic The Education of him Henry Adams
49%
In 2002 Melissa Gilbert was reelected president of this guild formed by actors of the silver screen Screen Actors Guild
44%
(Hi I'm Ari Fleischer.) Now named for James Brady this room in the White House is where the briefing of the press takes place Briefing Room
35%
There are a number of Chanel fragrances including this one that immortalizes her birthday August 19 Chanel No. 19
35%
In 2004 Whistling Straits in Wisconsin hosted this PGA championship PGA Championship
29%
(Cheryl and Sofia of the Clue Crew shoot some skeet.) Pull! You should know the name of the person who releases the target in trap shooting puller
28%
Sidney Sheldon's Windmills of the Gods was a 1988 TV movie based on his book Sidney Sheldon
21%
It seems like all things under the sun are considered on this radio program with Robert Siegel All Things Considered
16%
Ozzy Osbourne was a no-show at this festival's Auburn Washington stop July 12 2003 Ozzfest
15%
No matching quizzes found
Score Distribution
Percent of People with Each Score
Percentile by Number Answered
Your Score History
You have not taken this quiz